Tachcs The Art And Science Of Success (Record no. 300199)

MARC details
000 -LEADER
fixed length control field 00389nam a2200145Ia 4500
008 - FIXED-LENGTH DATA ELEMENTS--GENERAL INFORMATION
fixed length control field 230718s9999 xx 000 0 und d
041 ## - LANGUAGE CODE
Language code of text/sound track or separate title eng
082 ## - DEWEY DECIMAL CLASSIFICATION NUMBER
Classification number 355.52
Item number DEB
100 ## - MAIN ENTRY--PERSONAL NAME
Personal name Debono E.
9 (RLIN) 125365
245 ## - TITLE STATEMENT
Title Tachcs The Art And Science Of Success
260 ## - PUBLICATION, DISTRIBUTION, ETC. (IMPRINT)
Date of publication, distribution, etc. 1999
Name of publisher, distributor, etc. Harper And Rao
365 ## - TRADE PRICE
Currency code Rs.
Price amount 150.00
700 ## - ADDED ENTRY--PERSONAL NAME
Personal name Debono E
9 (RLIN) 125365
906 ## - LOCAL DATA ELEMENT F, LDF (RLIN)
d B:368121-Mar-2000
c OTH
b 22.5
Holdings
Withdrawn status Lost status Source of classification or shelving scheme Damaged status Not for loan Home library Current library Date acquired Vendor Budget Code Cost, normal purchase price Bill number Full call number Barcode Date last seen Discount Cost, replacement price Bill Date Koha item type Original Barcode
    Dewey Decimal Classification     Cummins College of Engineering for Women Pune Cummins College of Engineering for Women Pune 27/03/2000 Tbs OTH 127.50 3681 355.52 CCEP-BK-11405 18/07/2023 22.5 150.00 21/03/2000 Books 011405